[Event "DVM U10 2020"]
[Site "Magdeburg GER"]
[Date "2021.08.08"]
[Round "7"]
[White "Mehner, Clara"]
[Black "Hoffmann, Svenja"]
[Result "0-1"]
[Termination "normal"]
[Board "11.1"]
[WhiteElo "1183"]
[BlackElo "1307"]
[WhiteTeam "USG Chemnitz"]
[BlackTeam "Schachzwerge Magdeburg"]
[PlyCount "114"]
[WhiteFideId "34612165"]
[BlackFideId "16287312"]
[EventCountry "GER"]
[EventRounds "7"]
[EventType "team-swiss"]
[EventDate "2021.08.06"]

{[%evp 0,114,16,28,38,20,28,13,24,-9,19,19,-4,6,21,14,17,1,2,-2,6,-12,15,-1,0,
0,-2,-27,16,-32,53,0,36,0,38,30,75,75,75,63,169,-162,-162,-80,-73,-320,-368,
-339,-155,-321,-420,-440,-230,-232,-166,-126,-123,-166,-113,-230,-186,-403,
-434,-670,-731,-717,-119,-115,-233,-228,-96,-123,127,136,163,149,171,153,200,
94,44,134,160,-876,-446,-446,-536,-536,-543,-544,-624,-29991,-29992,-29999,
-1063,-29989,-1133,-1133,-504,-504,-430,-29993,-255,-923,-410,-1542,-748,-842,
-622,-29995,-29992,-29993,-29994,-29997,-29998,-29999,-30000] normal} 1. e4 e5
2. Nf3 Nc6 3. Bc4 Bc5 4. c3 Nf6 5. d3 d6 6. Be3 Bb6 7. Nbd2 Be6 8. Bb3 O-O 9.
O-O Qd7 10. Qc2 d5 11. Rad1 Rad8 12. Rfe1 Rfe8 13. Nf1 Nh5 14. Ng3 Nf4 15. Bxf4
exf4 16. Nh5 Bg4 17. Nxf4 d4 18. Qe2 Ba5 19. Rc1 Ne5 20. h3 Bxf3 21. gxf3 g5
22. Nh5 Qxh3 23. Ng3 h5 24. Bd1 dxc3 25. bxc3 Rxd3 26. Qf1 g4 27. Qxh3 gxh3 28.
Nxh5 Kh8 29. Re3 Rd2 30. a4 Rg8+ 31. Kh2 Rxf2+ 32. Kxh3 Ng6 33. Rb1 Bb6 34. Re1
c6 35. Rh1 Bc7 36. Rxb7 Nf4+ 37. Nxf4 Bxf4 38. Rxf7 Be5 39. c4 Rfg2 40. f4 Bd4
41. f5 R2g3+ 42. Kh4 Bf2 43. Kh5 R8g5+ 44. Kh6 Be3 45. Rh7+ Kg8 46. Re7 Rg7+
47. Kh5 Rxe7 48. Kh4 Reg7 49. f6 R7g6 50. e5 Kf7 51. Bc2 Rg8 52. Bh7 R3g4+ 53.
Kh3 R8g5 54. Bd3 Rg3+ 55. Kh4 Bf2 56. Be2 Rg1+ 57. Kh3 Rxh1# 0-1

[Event "DVM U10 2020"]
[Site "Magdeburg GER"]
[Date "2021.08.08"]
[Round "7"]
[White "Pflug, Anton"]
[Black "Frey, Lino"]
[Result "1-0"]
[Termination "normal"]
[Board "11.2"]
[WhiteElo "1113"]
[BlackElo "1119"]
[WhiteTeam "Schachzwerge Magdeburg"]
[BlackTeam "USG Chemnitz"]
[PlyCount "47"]
[WhiteFideId "34611495"]
[BlackFideId "34693394"]
[EventCountry "GER"]
[EventRounds "7"]
[EventType "team-swiss"]
[EventDate "2021.08.06"]

{[%evp 0,42,19,19,48,48,75,62,64,38,42,42,64,41,43,36,31,-7,86,13,52,39,53,-46,
74,-157,53,13,8,18,103,92,94,100,166,90,397,-1,537,547,887,774,929,929,29993]
normal} 1. e4 c5 2. Nf3 d6 3. d4 cxd4 4. Nxd4 Nf6 5. Nc3 g6 6. Bc4 Bg7 7. Be3
O-O 8. Qd2 Re8 9. O-O-O Bd7 10. f3 Nc6 11. Bh6 Bh8 12. g4 Ne5 13. Be2 Rc8 14.
h4 Bg7 15. Bxg7 Kxg7 16. h5 Qa5 17. Kb1 Rc7 18. f4 Rec8 19. fxe5 Rxc3 20. exf6+
exf6 21. hxg6 fxg6 22. Qh6+ Kf7 23. Qxh7+ Ke8 24. Qg8+ 1-0

[Event "DVM U10 2020"]
[Site "Magdeburg GER"]
[Date "2021.08.08"]
[Round "7"]
[White "Nönnig, Lotte"]
[Black "Li, Joshua"]
[Result "0-1"]
[Termination "normal"]
[Board "11.4"]
[WhiteElo "781"]
[BlackElo "873"]
[WhiteTeam "Schachzwerge Magdeburg"]
[BlackTeam "USG Chemnitz"]
[PlyCount "92"]
[WhiteFideId "34611509"]
[BlackFideId "34623639"]
[EventCountry "GER"]
[EventRounds "7"]
[EventType "team-swiss"]
[EventDate "2021.08.06"]

{[%evp 0,41,19,18,18,18,10,11,11,-20,-11,4,4,-96,-99,-69,-17,-418,-389,-453,
-461,-561,-486,-534,-493,-573,-463,-475,-470,-453,-377,-454,-471,-493,-495,
-521,-500,-523,-513,-522,-504,-504,-516,-560] normal} 1. e4 e5 2. Nf3 Nc6 3.
Bc4 Nf6 4. Ng5 d5 5. exd5 Na5 6. Bb3 Nxb3 7. axb3 Qxd5 8. Nc3 Qxg2 9. Rf1 Qxg5
10. d3 Qh4 11. Be3 Bb4 12. Ra4 Bxc3+ 13. bxc3 Qxh2 14. Qf3 Bh3 15. Rh1 Bg2 16.
Rxh2 Bxf3 17. Rc4 Bc6 18. Rh3 O-O 19. Rch4 Bd7 20. Rg3 Rfe8 21. Rc4 c6 22. Ra4
c5 23. Rc4 b6 24. Bg5 Nh5 25. Rg2 Bb5 26. Rh4 Nf4 27. Bxf4 exf4+ 28. Kd2 f3 29.
Rg3 Re2+ 30. Kc1 Bc6 31. d4 Rxf2 32. Kb2 Rf1 33. Rhg4 g6 34. Rg1 Rxg1 35. Rxg1
Re8 36. Rf1 Re2 37. c4 cxd4 38. Kb1 f2 39. Kb2 Bg2 40. Rd1 Re1 41. Rxd4 f1=Q
42. Rd8+ Kg7 43. Rd2 Qf6+ 44. Ka3 a5 45. Ka4 Qe5 46. Rxg2 Ra1# 0-1

[Event "DVM U10 2020"]
[Site "Magdeburg GER"]
[Date "2021.08.08"]
[Round "7"]
[White "Melestean, Maxim"]
[Black "Snover, Tom"]
[Result "1-0"]
[Termination "normal"]
[Board "12.1"]
[WhiteElo "1289"]
[BlackElo "1525"]
[WhiteTeam "Schachklub König Plauen"]
[BlackTeam "Schachclub Aschaffenburg e.V."]
[PlyCount "71"]
[WhiteFideId "16280393"]
[BlackFideId "34604553"]
[EventCountry "GER"]
[EventRounds "7"]
[EventType "team-swiss"]
[EventDate "2021.08.06"]

{[%evp 0,38,19,20,19,8,26,21,45,-5,48,11,0,8,-14,-26,-26,-45,60,36,33,-49,-24,
-21,-31,-60,23,16,14,3,21,21,78,-8,0,-7,58,72,95,88,168] normal} 1. d4 d5 2. c4
c6 3. Nc3 Nf6 4. Nf3 e6 5. Bg5 dxc4 6. e3 b5 7. a4 Bb4 8. g3 Bd7 9. axb5 cxb5
10. Bg2 Bc6 11. O-O Bxc3 12. bxc3 h6 13. Bxf6 Qxf6 14. Ne5 Bxg2 15. Kxg2 O-O
16. Ra5 a6 17. Qa1 Qe7 18. Rxb5 axb5 19. Qxa8 Kh7 20. Rb1 f6 21. Qe4+ f5 22.
Qc2 Qb7+ 23. Kg1 Qd5 24. Qb2 Nd7 25. Qxb5 Nxe5 26. Qxd5 exd5 27. dxe5 Kg8 28.
e6 Re8 29. Rb5 Rxe6 30. Rxd5 Re4 31. Rxf5 g6 32. Rf4 Rxf4 33. exf4 Kf7 34. Kg2
Ke6 35. Kf3 Kd6 36. Ke4 1-0

[Event "DVM U10 2020"]
[Site "Magdeburg GER"]
[Date "2021.08.08"]
[Round "7"]
[White "Schwab, Florentin"]
[Black "da Costa Silva, Pepe"]
[Result "1/2-1/2"]
[Termination "normal"]
[Board "12.2"]
[WhiteElo "934"]
[BlackElo "1105"]
[WhiteTeam "Schachclub Aschaffenburg e.V."]
[BlackTeam "Schachklub König Plauen"]
[PlyCount "74"]
[WhiteFideId "34669051"]
[BlackFideId "16282000"]
[EventCountry "GER"]
[EventRounds "7"]
[EventType "team-swiss"]
[EventDate "2021.08.06"]

{[%evp 0,40,19,18,48,48,56,14,23,26,25,-6,33,27,27,-145,14,-187,13,-7,-8,-20,
-18,-18,-4,2,-10,-26,-26,-51,7,-62,324,330,327,324,353,355,350,326,358,318,346]
normal} 1. e4 c5 2. Nf3 Nc6 3. Bc4 e6 4. Nc3 Nf6 5. d3 d6 6. O-O Be7 7. Be3 a6
8. Qd2 Qc7 9. Rfe1 b5 10. Bb3 Bb7 11. a3 Na5 12. Ba2 O-O 13. Ne2 Rfd8 14. Bg5
d5 15. e5 Ne8 16. Bxe7 Qxe7 17. Qxa5 Qc7 18. Qxc7 Nxc7 19. Red1 c4 20. dxc4
bxc4 21. Nc3 Nb5 22. Nxb5 axb5 23. Rd2 g6 24. Bb1 Rd7 25. c3 Bc6 26. Bc2 Kg7
27. Nd4 Rc7 28. Nxc6 Rxc6 29. b3 cxb3 30. Bxb3 Rxc3 31. Bd1 b4 32. Re2 bxa3 33.
Rc2 Rac8 34. Rxc3 Rxc3 35. Kf1 d4 36. Ke2 f5 37. exf6+ Kxf6 1/2-1/2

[Event "DVM U10 2020"]
[Site "Magdeburg GER"]
[Date "2021.08.08"]
[Round "7"]
[White "Al-Hrishat, Alhasan"]
[Black "Mauch, Jurek"]
[Result "1-0"]
[Termination "normal"]
[Board "12.3"]
[WhiteElo "1123"]
[BlackElo "764"]
[WhiteTeam "Schachklub König Plauen"]
[BlackTeam "Schachclub Aschaffenburg e.V."]
[PlyCount "69"]
[BlackFideId "34627634"]
[EventCountry "GER"]
[EventRounds "7"]
[EventType "team-swiss"]
[EventDate "2021.08.06"]

{[%evp 0,44,19,18,18,18,11,8,74,61,56,56,280,74,283,287,276,278,275,197,209,
200,190,175,200,189,189,195,288,302,377,275,322,303,308,318,327,285,311,306,
309,291,395,411,401,413,438] normal} 1. e4 e5 2. Nf3 Nc6 3. d4 d6 4. Be3 Nf6 5.
Nc3 Be6 6. Be2 Be7 7. d5 Bd7 8. dxc6 Bxc6 9. O-O Nxe4 10. Nxe4 Bxe4 11. Bd3
Bxd3 12. Qxd3 O-O 13. Rfe1 d5 14. Nxe5 Bd6 15. Bd4 Re8 16. Nf3 Rxe1+ 17. Rxe1
c5 18. Bc3 Be7 19. a3 Rc8 20. b4 c4 21. Qe3 Bf8 22. Qxa7 b6 23. Bd4 b5 24. Bb6
Qd6 25. c3 Rb8 26. Bc7 Qf6 27. Qxb8 Qxc3 28. Bd6 h6 29. Qxf8+ Kh7 30. Qxf7 Qb2
31. Be5 Qxe5 32. Nxe5 c3 33. Qg6+ Kg8 34. Nd7 d4 35. Re8# 1-0

[Event "DVM U10 2020"]
[Site "Magdeburg GER"]
[Date "2021.08.08"]
[Round "7"]
[White "Ensslen, Jakob"]
[Black "Seth, Aakrit"]
[Result "0-1"]
[Termination "normal"]
[Board "13.1"]
[WhiteElo "1103"]
[BlackElo "1381"]
[WhiteTeam "Karlsruher SF 1853"]
[BlackTeam "SC Weisse Dame e.V."]
[PlyCount "92"]
[WhiteFideId "34640258"]
[BlackFideId "34604812"]
[EventCountry "GER"]
[EventRounds "7"]
[EventType "team-swiss"]
[EventDate "2021.08.06"]

{[%evp 0,40,19,18,56,14,64,33,125,26,52,42,52,54,62,42,59,28,39,36,61,10,25,14,
22,17,15,12,37,33,48,56,53,21,9,18,79,65,65,62,64,51,71] normal} 1. e4 c5 2.
Bc4 g6 3. d4 Bg7 4. d5 d6 5. Nf3 Nf6 6. Nc3 O-O 7. O-O Nbd7 8. Bf4 a6 9. a4 b6
10. Qb1 Ng4 11. Bd2 Nde5 12. Nxe5 Nxe5 13. Be2 h5 14. Qc1 Kh7 15. h3 f5 16. Bg5
Nf7 17. Bf4 Bh6 18. Bxh6 Nxh6 19. Qg5 Nf7 20. Qf4 Ne5 21. Nd1 fxe4 22. Qxe4 Bf5
23. Qh4 Bxc2 24. Ne3 Bf5 25. g4 Bd3 26. gxh5 Bxe2 27. hxg6+ Kxg6 28. Qg3+ Kf7
29. Qf4+ Ke8 30. Nf5 Rg8+ 31. Kh2 Nf3+ 32. Kh1 Nh4 33. Nxh4 Bxf1 34. Rxf1 Qd7
35. Nf5 Kd8 36. Ra1 Kc7 37. Re1 Rae8 38. b3 e6 39. dxe6 Rxe6 40. Rd1 Reg6 41.
b4 Rf6 42. bxc5 Qxf5 43. cxd6+ Kd7 44. Qe3 Qf3+ 45. Qxf3 Rxf3 46. Rg1 Rxg1+ 0-1

[Event "DVM U10 2020"]
[Site "Magdeburg GER"]
[Date "2021.08.08"]
[Round "7"]
[White "Zhou, Leyi Charlotte"]
[Black "Maier, Kalle"]
[Result "1-0"]
[Termination "normal"]
[Board "13.2"]
[WhiteElo "1199"]
[BlackElo "1070"]
[WhiteTeam "SC Weisse Dame e.V."]
[BlackTeam "Karlsruher SF 1853"]
[PlyCount "89"]
[WhiteFideId "16258100"]
[BlackFideId "34669604"]
[EventCountry "GER"]
[EventRounds "7"]
[EventType "team-swiss"]
[EventDate "2021.08.06"]

{[%evp 0,51,19,18,56,56,70,70,48,48,59,58,65,42,38,31,36,0,1,-19,-14,-29,50,53,
51,53,48,50,54,53,109,86,79,63,71,61,81,70,69,71,109,37,83,102,108,102,115,100,
131,127,401,430,424,438] normal} 1. e4 c5 2. Nf3 d6 3. d4 cxd4 4. Qxd4 Nf6 5.
Nc3 a6 6. Bc4 e6 7. O-O Be7 8. Re1 O-O 9. Be3 Nc6 10. Qd2 Nxe4 11. Nxe4 d5 12.
Bd3 dxe4 13. Bxe4 Qxd2 14. Bxd2 Bb4 15. Bxc6 Bxd2 16. Nxd2 bxc6 17. Rad1 Rb8
18. Nc4 Bb7 19. b3 g6 20. Rd2 Rbd8 21. Red1 Rxd2 22. Rxd2 c5 23. f3 Kg7 24. Ne5
Kf6 25. Nd7+ Ke7 26. Nxf8 Kxf8 27. Rd7 Bc6 28. Rd6 Bd5 29. c4 Bb7 30. Rb6 Ke7
31. Rxb7+ Kf6 32. Rd7 h5 33. a3 e5 34. b4 cxb4 35. axb4 Ke6 36. Rd1 f5 37. c5
e4 38. fxe4 fxe4 39. Kf2 Kf5 40. Ke3 a5 41. bxa5 g5 42. c6 Kg4 43. c7 Kh4 44.
c8=Q g4 45. Qd8# 1-0

[Event "DVM U10 2020"]
[Site "Magdeburg GER"]
[Date "2021.08.08"]
[Round "7"]
[White "Xiao, Karoline"]
[Black "John, Linnea"]
[Result "1-0"]
[Termination "normal"]
[Board "13.3"]
[WhiteElo "972"]
[BlackElo "1085"]
[WhiteTeam "Karlsruher SF 1853"]
[BlackTeam "SC Weisse Dame e.V."]
[PlyCount "61"]
[WhiteFideId "16282230"]
[BlackFideId "34623680"]
[EventCountry "GER"]
[EventRounds "7"]
[EventType "team-swiss"]
[EventDate "2021.08.06"]

{[%evp 0,34,19,18,56,56,48,23,23,23,49,45,41,41,88,33,60,-19,-16,-38,-46,-42,
-73,-48,-84,-86,-94,-116,-59,-138,-101,-137,-89,-81,-38,-38,15] normal} 1. e4
c5 2. Nf3 Nc6 3. d4 cxd4 4. Nxd4 g6 5. Nc3 Bg7 6. Be3 Nf6 7. Bc4 Qa5 8. Qd2
Nxe4 9. Nxe4 Qxd2+ 10. Nxd2 Nxd4 11. Bxd4 Bxd4 12. O-O-O O-O 13. f4 a6 14. g4
b5 15. Bb3 Bb7 16. Rhe1 e6 17. Ne4 d5 18. Nd6 Bf2 19. Re2 Bb6 20. Nxb7 Rab8 21.
f5 Rxb7 22. fxe6 fxe6 23. Rxe6 Kg7 24. Bxd5 Rbb8 25. Re7+ Kh8 26. Bg2 Rf2 27.
Bh3 Rc8 28. Rdd7 Rcxc2+ 29. Kd1 Rxb2 30. Re8+ Rf8 31. Rxf8# 1-0

[Event "DVM U10 2020"]
[Site "Magdeburg GER"]
[Date "2021.08.08"]
[Round "7"]
[White "Lutz, Matthias"]
[Black "Volz, Alexander Sebastian"]
[Result "1-0"]
[Termination "normal"]
[Board "13.4"]
[WhiteElo "1084"]
[BlackElo "731"]
[WhiteTeam "SC Weisse Dame e.V."]
[BlackTeam "Karlsruher SF 1853"]
[PlyCount "45"]
[BlackFideId "34681760"]
[EventCountry "GER"]
[EventRounds "7"]
[EventType "team-swiss"]
[EventDate "2021.08.06"]

{[%evp 0,33,19,18,18,11,11,8,8,8,69,75,160,103,103,111,105,100,604,605,690,701,
1050,731,742,695,923,783,1094,911,1146,562,1048,556,1466,1803] normal} 1. e4 e5
2. Nf3 Nc6 3. d4 exd4 4. Nxd4 Ne5 5. Bf4 f6 6. Nc3 Bb4 7. Bxe5 fxe5 8. Qh5+ g6
9. Qxe5+ Qe7 10. Qxh8 Qxe4+ 11. Be2 Bxc3+ 12. bxc3 Qd5 13. O-O d6 14. Nb5 Kd8
15. Qd4 Qc6 16. Qc4 Qb6 17. Qxg8+ Kd7 18. Qxh7+ Kc6 19. Rab1 Qa5 20. Qxg6 a6
21. Nd4+ Kd5 22. Qg5+ Bf5 23. Qxf5# 1-0

[Event "DVM U10 2020"]
[Site "Magdeburg GER"]
[Date "2021.08.08"]
[Round "7"]
[White "Eschrig, Immanuel"]
[Black "Roos Nazario, Valentin"]
[Result "0-1"]
[Termination "normal"]
[Board "14.1"]
[WhiteElo "1094"]
[BlackElo "1204"]
[WhiteTeam "Greifswalder SV"]
[BlackTeam "Tischtennisclub Grün-Weiß Fritzdorf 1958 e. V."]
[PlyCount "108"]
[WhiteFideId "34626506"]
[BlackFideId "16295722"]
[EventCountry "GER"]
[EventRounds "7"]
[EventType "team-swiss"]
[EventDate "2021.08.06"]

{[%evp 0,39,19,18,56,40,40,40,74,46,45,45,35,30,31,18,25,21,28,20,30,25,78,45,
76,72,64,57,49,8,21,24,32,38,48,39,42,38,46,27,32,-79] normal} 1. e4 c5 2. Nf3
Nc6 3. Nc3 g6 4. Bc4 Bg7 5. d3 d6 6. O-O Nf6 7. Be3 O-O 8. h3 Bd7 9. Qd2 Re8
10. Bh6 Bh8 11. Rfe1 Qc7 12. Bf4 Ne5 13. Bxe5 dxe5 14. Ng5 e6 15. Bb5 Bxb5 16.
Nxb5 Qb6 17. Nc3 Rad8 18. b3 Qc6 19. Rab1 b5 20. Ne2 h6 21. Nf3 Nxe4 22. Qxh6
Bg7 23. Qc1 Nd6 24. Qg5 e4 25. dxe4 Nxe4 26. Qf4 e5 27. Qe3 Kh7 28. Nc3 Nxc3
29. Qxc3 e4 30. Ng5+ Kg8 31. Qe3 Bh6 32. Qg3 Kg7 33. Qh4 Qf6 34. f4 exf3 35.
Nxf3 Qxh4 36. Nxh4 Rxe1+ 37. Rxe1 Rd2 38. Re7 c4 39. Rxa7 Be3+ 40. Kf1 Bxa7 41.
Nf3 Rxc2 42. Nd4 Bxd4 43. g4 cxb3 44. axb3 Rb2 45. Ke1 Kf6 46. g5+ Ke5 47. h4
Ke4 48. h5 Ke3 49. Kd1 gxh5 50. g6 fxg6 51. Kc1 Rh2 52. b4 Kd3 53. Kb1 Kc3 54.
Kc1 Rh1# 0-1

[Event "DVM U10 2020"]
[Site "Magdeburg GER"]
[Date "2021.08.08"]
[Round "7"]
[White "Burlutskaia, Maria"]
[Black "Khanbekyan, Aram"]
[Result "1-0"]
[Termination "normal"]
[Board "14.2"]
[WhiteElo "1355"]
[BlackElo "900"]
[WhiteTeam "Tischtennisclub Grün-Weiß Fritzdorf 1958 e. V."]
[BlackTeam "Greifswalder SV"]
[PlyCount "63"]
[WhiteFideId "34607137"]
[BlackFideId "34606149"]
[EventCountry "GER"]
[EventRounds "7"]
[EventType "team-swiss"]
[EventDate "2021.08.06"]

{[%evp 0,42,19,18,46,40,40,9,43,39,43,45,70,70,51,67,105,-10,13,-144,-144,-178,
-155,-155,-168,-302,-349,-340,-237,-237,-251,-246,-248,-246,-195,-209,-27,-8,
-35,-29,73,92,109,100,134] normal} 1. e4 c5 2. Nc3 Nc6 3. f4 g6 4. Nf3 Bg7 5.
Bc4 Nf6 6. e5 Nh5 7. d3 d6 8. g4 Bxg4 9. h3 Bf5 10. Nh4 Ng3 11. Rg1 e6 12. Rxg3
Qxh4 13. Kf2 d5 14. Bb5 O-O 15. Bxc6 bxc6 16. Kg2 c4 17. dxc4 Be4+ 18. Nxe4
dxe4 19. Qe2 Bh6 20. Qxe4 Rad8 21. Be3 a5 22. Rf1 Rc8 23. Rff3 Rb8 24. b3 Rb4
25. Bf2 f5 26. exf6 Rxf6 27. Rxg6+ Rxg6+ 28. Qxg6+ Bg7 29. Qe8+ Bf8 30. Bxh4 a4
31. Rg3+ Kh8 32. Qxf8# 1-0

[Event "DVM U10 2020"]
[Site "Magdeburg GER"]
[Date "2021.08.08"]
[Round "7"]
[White "Ebel, Felix"]
[Black "Rinke, Alexander"]
[Result "1-0"]
[Termination "normal"]
[Board "15.2"]
[WhiteElo "955"]
[BlackElo "1132"]
[WhiteTeam "SK Lehrte von 1919 e. V."]
[BlackTeam "Hannover 96"]
[PlyCount "41"]
[WhiteFideId "34651446"]
[BlackFideId "34623523"]
[EventCountry "GER"]
[EventRounds "7"]
[EventType "team-swiss"]
[EventDate "2021.08.06"]

{[%evp 0,41,19,18,78,78,61,53,57,48,56,39,56,43,43,32,42,40,38,40,29,4,11,-8,
-3,-28,-16,-29,-4,9,6,11,33,-14,-14,-29,-19,-53,493,515,29997,29998,29999,
-30000] normal} 1. e4 c6 2. d4 d5 3. e5 Bf5 4. Nc3 e6 5. Nf3 Ne7 6. Bd3 Bxd3 7.
Qxd3 Nf5 8. Bf4 c5 9. dxc5 Bxc5 10. Qb5+ Nd7 11. O-O O-O 12. Qd3 Nb6 13. Rad1
Nc4 14. Na4 Qa5 15. b3 Nb6 16. Nxb6 axb6 17. g4 Ne7 18. Ng5 g6 19. Qh3 Rfd8 20.
Qxh7+ Kf8 21. Qxf7# 1-0

[Event "DVM U10 2020"]
[Site "Magdeburg GER"]
[Date "2021.08.08"]
[Round "7"]
[White "Weißleder, Ari"]
[Black "Kraeh, Niklas"]
[Result "1-0"]
[Termination "normal"]
[Board "16.2"]
[WhiteElo "1131"]
[BlackElo "1089"]
[WhiteTeam "SV Empor Erfurt"]
[BlackTeam "SV Multatuli Ingelheim e.V."]
[PlyCount "99"]
[BlackFideId "34610073"]
[EventCountry "GER"]
[EventRounds "7"]
[EventType "team-swiss"]
[EventDate "2021.08.06"]

{[%evp 0,38,19,19,19,-19,31,17,100,50,44,33,40,27,185,38,46,55,56,53,49,55,51,
41,396,395,409,427,411,445,445,390,411,422,473,415,422,421,515,485,534] normal
} 1. Nf3 Nc6 2. c4 d6 3. Nc3 Bf5 4. e4 Bg4 5. d3 e5 6. Be2 Nd4 7. Be3 Bxf3 8.
Bxf3 Nxf3+ 9. Qxf3 Nf6 10. O-O g6 11. Bg5 Bg7 12. Nd5 O-O 13. Nxf6+ Bxf6 14.
Bxf6 Qd7 15. Rac1 h5 16. d4 Qe6 17. dxe5 dxe5 18. Rfd1 c5 19. a3 a5 20. a4 Ra6
21. Bg5 f6 22. Be3 Rb6 23. Rd2 Rb3 24. Qe2 Rb6 25. Bxc5 Rf7 26. Bxb6 Qxb6 27.
c5 Qc6 28. b3 b6 29. Rdc2 bxc5 30. Rxc5 Qe6 31. Rxa5 Qxb3 32. g3 Rh7 33. Qc4+
Qxc4 34. Rxc4 h4 35. Rac5 Rh5 36. a5 f5 37. Rxe5 fxe4 38. Rxh5 gxh5 39. a6 hxg3
40. hxg3 h4 41. gxh4 e3 42. fxe3 Kf7 43. a7 Ke6 44. a8=Q Ke5 45. Qa5+ Kd6 46.
Rg4 Ke6 47. Rg6+ Kf7 48. Ra6 Ke7 49. Qc7+ Ke8 50. Ra8# 1-0

[Event "DVM U10 2020"]
[Site "Magdeburg GER"]
[Date "2021.08.08"]
[Round "7"]
[White "Leitner, Niklas"]
[Black "Mantu, Elias Viorel"]
[Result "1-0"]
[Termination "normal"]
[Board "16.3"]
[WhiteElo "833"]
[BlackElo "896"]
[WhiteTeam "SV Multatuli Ingelheim e.V."]
[BlackTeam "SV Empor Erfurt"]
[PlyCount "63"]
[WhiteFideId "34610189"]
[BlackFideId "34601350"]
[EventCountry "GER"]
[EventRounds "7"]
[EventType "team-swiss"]
[EventDate "2021.08.06"]

{[%evp 0,47,19,18,59,59,59,52,84,71,62,53,46,36,58,31,22,19,9,13,8,10,10,-31,
22,-22,5,-37,25,-140,-48,-153,-52,-51,309,309,329,336,345,319,487,464,501,498,
511,442,566,508,730,696] normal} 1. e4 d6 2. Nf3 Nf6 3. Nc3 g6 4. Bc4 Bg7 5.
O-O O-O 6. d3 c6 7. Be3 b5 8. Bb3 a5 9. a4 b4 10. Ne2 Nbd7 11. Qd2 Ba6 12. Rfe1
c5 13. c3 e5 14. d4 c4 15. Ba2 b3 16. Bb1 Nxe4 17. Bxe4 Rb8 18. dxe5 dxe5 19.
Rad1 Bc8 20. Ba7 Qc7 21. Bxb8 Qxb8 22. Qd6 Qa7 23. Bc6 Rd8 24. Qe7 Bf6 25. Qd6
e4 26. Bxd7 Bxd7 27. Qxf6 Ra8 28. Ne5 Rf8 29. Rxd7 Qb8 30. Nxf7 Rxf7 31. Qxf7+
Kh8 32. Qg7# 1-0

[Event "DVM U10 2020"]
[Site "Magdeburg GER"]
[Date "2021.08.08"]
[Round "7"]
[White "Grundel-Kawano, Emi"]
[Black "Stein, Julius"]
[Result "0-1"]
[Termination "normal"]
[Board "17.3"]
[WhiteElo "832"]
[BlackElo "763"]
[WhiteTeam "USC Magdeburg"]
[BlackTeam "SC Garching 1980 e.V."]
[PlyCount "78"]
[WhiteFideId "34624775"]
[EventCountry "GER"]
[EventRounds "7"]
[EventType "team-swiss"]
[EventDate "2021.08.06"]

{[%evp 0,56,19,18,18,11,11,11,11,4,16,15,15,15,18,19,37,27,22,0,26,25,53,29,45,
31,34,34,40,47,63,57,120,-1210,-1220,-1219,-1257,-1259,-1220,-1217,-1171,-1187,
-1195,-1400,-1195,-1282,-1298,-1464,-1178,-1308,-1260,-1403,-1410,-1410,-1343,
-1437,-1378,-1560,-1402] normal} 1. e4 e5 2. Nf3 Nc6 3. Bc4 Bc5 4. Nc3 d6 5. d3
Nf6 6. O-O Bg4 7. h3 Bxf3 8. Qxf3 O-O 9. Be3 Bxe3 10. fxe3 a6 11. Qg3 b5 12.
Bb3 Na5 13. Rf3 Nxb3 14. axb3 g6 15. Raf1 Nh5 16. Rf5 Nxg3 17. R1f3 Nxf5 18.
exf5 gxf5 19. Rxf5 f6 20. Ne4 Qe7 21. Rh5 Qf7 22. Rh6 Qg7 23. Rh4 Kf7 24. g4 f5
25. Nf2 fxg4 26. Rxg4 Qh8 27. Ne4 Rg8 28. Ng5+ Kf6 29. Ne4+ Ke7 30. Kg2 Rxg4+
31. hxg4 d5 32. Nf2 c5 33. e4 d4 34. c4 b4 35. Kg3 Qf6 36. Nh3 Rf8 37. g5 Qf3+
38. Kh4 h5 39. Ng1 Qg4# 0-1

[Event "DVM U10 2020"]
[Site "Magdeburg GER"]
[Date "2021.08.08"]
[Round "7"]
[White "Piffczyk, Sandra"]
[Black "Nguyen, Long"]
[Result "0-1"]
[Termination "normal"]
[Board "17.4"]
[WhiteElo "710"]
[BlackElo "784"]
[WhiteTeam "SC Garching 1980 e.V."]
[BlackTeam "USC Magdeburg"]
[PlyCount "34"]
[WhiteFideId "34630309"]
[BlackFideId "34624708"]
[EventCountry "GER"]
[EventRounds "7"]
[EventType "team-swiss"]
[EventDate "2021.08.06"]

{[%evp 0,34,19,18,18,11,11,6,13,23,23,23,1,10,2,3,15,27,27,6,48,0,52,54,42,13,
54,69,70,78,98,-1741,-2197,-1551,-1644,-29999,-30000] normal} 1. e4 e5 2. Nf3
Nc6 3. Bb5 Bc5 4. O-O Nf6 5. Nc3 d6 6. Bxc6+ bxc6 7. d3 Bg4 8. h3 Be6 9. Bg5
Qd7 10. Rc1 O-O 11. Bxf6 gxf6 12. b3 Bxh3 13. gxh3 Qxh3 14. Nh2 Kh8 15. Qg4 Rg8
16. Kh1 Rxg4 17. f3 Qg2# 0-1

[Event "DVM U10 2020"]
[Site "Magdeburg GER"]
[Date "2021.08.08"]
[Round "7"]
[White "Kamleiter, Noah"]
[Black "Zander, Ben Erik"]
[Result "1/2-1/2"]
[Termination "normal"]
[Board "18.1"]
[WhiteElo "1476"]
[BlackElo "958"]
[WhiteTeam "TSV Bindlach Aktionär"]
[BlackTeam "Schachfreunde Hettstedt"]
[PlyCount "61"]
[WhiteFideId "16265815"]
[BlackFideId "34627090"]
[EventCountry "GER"]
[EventRounds "7"]
[EventType "team-swiss"]
[EventDate "2021.08.06"]

{[%evp 0,61,19,18,18,11,11,1,28,30,28,3,2,-2,-6,-41,-4,-8,-15,-6,-2,-26,-3,-17,
-12,-94,-80,-96,-91,-99,-97,-144,-144,-119,-113,-200,-211,-218,-207,-215,-208,
-214,-223,-294,-243,-243,-245,-300,-308,-313,-313,-526,-264,-259,-259,-370,
-210,-215,0,0,0,0,0,0] normal} 1. e4 e5 2. Nf3 Nc6 3. Bb5 Bd6 4. O-O Nf6 5.
Bxc6 dxc6 6. d4 Bg4 7. Bg5 O-O 8. dxe5 Bxf3 9. Qxf3 Bxe5 10. Nc3 Qd7 11. Rad1
Qe6 12. Qe3 Bxh2+ 13. Kh1 Be5 14. Bxf6 Qxf6 15. Rd3 Rfd8 16. Rfd1 Rxd3 17. Rxd3
Qh4+ 18. Kg1 Qh2+ 19. Kf1 Qh1+ 20. Ke2 Qxg2 21. Qd2 Qg4+ 22. Kf1 h5 23. Rd8+
Rxd8 24. Qxd8+ Kh7 25. Qe7 Qf4 26. Ne2 Qxe4 27. Ng3 Qd4 28. Qxf7 h4 29. Qh5+
Kg8 30. Qe8+ Kh7 31. Qh5+ 1/2-1/2